|
|
|
|
| LEADER |
01185nam a2200301 a 4500 |
| 001 |
38109 |
| 003 |
BD-DhAAL |
| 005 |
20220316101144.0 |
| 008 |
220316t1991 dcua b 000 0 eng d |
| 999 |
|
|
|c 43792
|d 43792
|
| 010 |
|
|
|a 91037757
|
| 020 |
|
|
|a 1557751870 (paper) :
|c $22.50
|
| 040 |
|
|
|a DLC
|c DLC
|d DLC
|d BD-DhAAL
|
| 050 |
0 |
0 |
|a HG1573
|b .B36 1991
|
| 082 |
0 |
0 |
|a 332.1
|2 20
|
| 245 |
0 |
0 |
|a Banking crises :
|b cases and issues /
|c edited by V. Sundararajan and Tomás J.T. Baliño.
|
| 260 |
|
|
|a Washington, D.C. :
|b International Monetary Fund,
|c c1991.
|
| 300 |
|
|
|a ix, 375 pages :
|b illustrations ;
|c 23 cm.
|
| 504 |
|
|
|a Includes bibliographical references.
|
| 541 |
|
|
|a Donated By Akbar Ali Khan
|e 38109
|
| 650 |
|
0 |
|a Banks and banking.
|9 47035
|
| 650 |
|
0 |
|a Banks and banking
|x Case studies.
|9 47036
|
| 650 |
|
0 |
|a Bank failures.
|9 47037
|
| 700 |
1 |
|
|a Sundararajan, Vasudevan.
|9 47038
|
| 700 |
1 |
|
|a Baliño, Tomás J. T.
|9 47039
|
| 852 |
|
|
|a Ayesha Abed Library
|c Akbar Ali Khan Collection
|
| 942 |
|
|
|2 ddc
|c BK
|
| 952 |
|
|
|0 0
|1 0
|2 ddc
|4 0
|6 332_100000000000000_BAN
|7 1
|9 70156
|a BRACUL
|b BRACUL
|c AAKC
|d 2022-03-16
|e Donated by Akbar Ali Khan
|l 0
|o 332.1 BAN
|p 3010038109
|r 2022-03-16
|t 1
|w 2022-03-16
|y BK
|